000 00381nam a2200157Ia 4500
003 Ost
005 20260225132555.0
008 260225s9999||||xx |||||||||||||| ||und||
040 _cfsic
041 _afre
082 _a440
100 _aCornu Daniel
_eAuteur
245 0 _aMédia mode d'emploi :
245 0 _ble journalisme face à son public /
_cCornu Daniel
942 _cكتاب
999 _c34375
_d34375